NBA Finals Stat Leaders For Each Team - Statistics

General Stats
  • This quiz has been taken 56 times
    41 since last reset
  • The average score is 358 of 460
Answer Stats
Year Stat Team Answer % Correct
2025 Points Thunder Shai Gilgeous-Alexander
100%
2025 Assists Thunder Shai Gilgeous-Alexander
100%
2025 Blocks Thunder Shai Gilgeous-Alexander
100%
2025 Assists Pacers Tyrese Haliburton
100%
2025 Rebounds Thunder Chet Holmgren
97%
2024 Steals Celtics Jaylen Brown
97%
2022 Points Celtics Jaylen Brown
97%
2010 Points Lakers Kobe Bryant
97%
2010 Assists Lakers Kobe Bryant
97%
2010 Steals Lakers Kobe Bryant
97%
2009 Points Lakers Kobe Bryant
97%
2009 Assists Lakers Kobe Bryant
97%
2008 Points Lakers Kobe Bryant
97%
2008 Assists Lakers Kobe Bryant
97%
2008 Steals Lakers Kobe Bryant
97%
2004 Assists Lakers Kobe Bryant
97%
2004 Steals Lakers Kobe Bryant
97%
2002 Assists Lakers Kobe Bryant
97%
2001 Assists Lakers Kobe Bryant
97%
1991 Points Lakers Magic Johnson
97%
1991 Assists Lakers Magic Johnson
97%
1988 Assists Lakers Magic Johnson
97%
1988 Steals Lakers Magic Johnson
97%
1987 Points Lakers Magic Johnson
97%
1987 Rebounds Lakers Magic Johnson
97%
1987 Assists Lakers Magic Johnson
97%
1987 Steals Lakers Magic Johnson
97%
1985 Assists Lakers Magic Johnson
97%
1984 Assists Lakers Magic Johnson
97%
1984 Steals Lakers Magic Johnson
97%
1983 Rebounds Lakers Magic Johnson
97%
1983 Assists Lakers Magic Johnson
97%
1982 Rebounds Lakers Magic Johnson
97%
1982 Steals Lakers Magic Johnson
97%
1980 Assists Lakers Magic Johnson
97%
1980 Steals Lakers Magic Johnson
97%
1989 Rebounds Lakers A.C. Green
94%
1988 Rebounds Lakers A.C. Green
94%
2014 Steals Spurs Danny Green
94%
2013 Blocks Spurs Danny Green
94%
2022 Assists Warriors Draymond Green
94%
2019 Rebounds Warriors Draymond Green
94%
2019 Assists Warriors Draymond Green
94%
2019 Blocks Warriors Draymond Green
94%
2018 Assists Warriors Draymond Green
94%
2018 Steals Warriors Draymond Green
94%
2017 Rebounds Warriors Draymond Green
94%
2016 Rebounds Warriors Draymond Green
94%
2016 Assists Warriors Draymond Green
94%
2016 Blocks Warriors Draymond Green
94%
2015 Rebounds Warriors Draymond Green
94%
2015 Blocks Warriors Draymond Green
94%
2015 Steals Warriors Draymond Green
94%
2023 Assists Nuggets Jamal Murray
94%
2024 Points Celtics Jayson Tatum
94%
2024 Rebounds Celtics Jayson Tatum
94%
2024 Assists Celtics Jayson Tatum
94%
2022 Assists Celtics Jayson Tatum
94%
2023 Assists Heat Jimmy Butler
94%
2020 Points Heat Jimmy Butler
94%
2020 Rebounds Heat Jimmy Butler
94%
2020 Assists Heat Jimmy Butler
94%
2020 Blocks Heat Jimmy Butler
94%
2020 Steals Heat Jimmy Butler
94%
2020 Points Lakers Lebron James
94%
2020 Rebounds Lakers Lebron James
94%
2020 Assists Lakers Lebron James
94%
2018 Points Cavaliers Lebron James
94%
2018 Assists Cavaliers Lebron James
94%
2018 Blocks Cavaliers Lebron James
94%
2018 Steals Cavaliers Lebron James
94%
2017 Points Cavaliers Lebron James
94%
2017 Rebounds Cavaliers Lebron James
94%
2017 Assists Cavaliers Lebron James
94%
2016 Points Cavaliers Lebron James
94%
2016 Rebounds Cavaliers Lebron James
94%
2016 Assists Cavaliers Lebron James
94%
2016 Blocks Cavaliers Lebron James
94%
2016 Steals Cavaliers Lebron James
94%
2015 Points Cavaliers Lebron James
94%
2015 Rebounds Cavaliers Lebron James
94%
2015 Assists Cavaliers Lebron James
94%
2014 Points Heat Lebron James
94%
2014 Rebounds Heat Lebron James
94%
2014 Assists Heat Lebron James
94%
2014 Steals Heat Lebron James
94%
2013 Points Heat Lebron James
94%
2013 Rebounds Heat Lebron James
94%
2013 Assists Heat Lebron James
94%
2013 Steals Heat Lebron James
94%
2012 Points Heat Lebron James
94%
2012 Rebounds Heat Lebron James
94%
2012 Assists Heat Lebron James
94%
2011 Assists Heat Lebron James
94%
2011 Steals Heat Lebron James
94%
2007 Points Cavaliers Lebron James
94%
2007 Assists Cavaliers Lebron James
94%
2024 Points Mavericks Luka Doncic
94%
2024 Rebounds Mavericks Luka Doncic
94%
2024 Assists Mavericks Luka Doncic
94%
2024 Steals Mavericks Luka Doncic
94%
2023 Points Nuggets Nikola Jokic
94%
2023 Rebounds Nuggets Nikola Jokic
94%
2023 Blocks Nuggets Nikola Jokic
94%
2025 Points Pacers Pascal Siakam
94%
2025 Rebounds Pacers Pascal Siakam
94%
2006 Rebounds Heat Shaquille O'Neal
94%
2004 Points Lakers Shaquille O'Neal
94%
2004 Rebounds Lakers Shaquille O'Neal
94%
2004 Blocks Lakers Shaquille O'Neal
94%
2002 Points Lakers Shaquille O'Neal
94%
2002 Rebounds Lakers Shaquille O'Neal
94%
2002 Blocks Lakers Shaquille O'Neal
94%
2001 Points Lakers Shaquille O'Neal
94%
2001 Rebounds Lakers Shaquille O'Neal
94%
2001 Blocks Lakers Shaquille O'Neal
94%
2000 Points Lakers Shaquille O'Neal
94%
2000 Rebounds Lakers Shaquille O'Neal
94%
2000 Blocks Lakers Shaquille O'Neal
94%
1995 Points Magic Shaquille O'Neal
94%
1995 Rebounds Magic Shaquille O'Neal
94%
1995 Blocks Magic Shaquille O'Neal
94%
2022 Points Warriors Stephen Curry
94%
2022 Steals Warriors Stephen Curry
94%
2019 Points Warriors Stephen Curry
94%
2017 Assists Warriors Stephen Curry
94%
2017 Steals Warriors Stephen Curry
94%
2016 Points Warriors Stephen Curry
94%
2015 Points Warriors Stephen Curry
94%
2015 Assists Warriors Stephen Curry
94%
1999 Assists Spurs Avery Johnson
91%
1993 Points Suns Charles Barkley
91%
1993 Rebounds Suns Charles Barkley
91%
1987 Assists Celtics Dennis Johnson
91%
1985 Assists Celtics Dennis Johnson
91%
1984 Assists Celtics Dennis Johnson
91%
2011 Points Mavericks Dirk Nowitzki
91%
2011 Rebounds Mavericks Dirk Nowitzki
91%
2006 Points Mavericks Dirk Nowitzki
91%
2006 Rebounds Mavericks Dirk Nowitzki
91%
2021 Points Bucks Giannis Antetokounmpo
91%
2021 Rebounds Bucks Giannis Antetokounmpo
91%
2021 Blocks Bucks Giannis Antetokounmpo
91%
1995 Points Rockets Hakeem Olajuwon
91%
1995 Rebounds Rockets Hakeem Olajuwon
91%
1994 Points Rockets Hakeem Olajuwon
91%
1994 Blocks Rockets Hakeem Olajuwon
91%
1994 Steals Rockets Hakeem Olajuwon
91%
1986 Points Rockets Hakeem Olajuwon
91%
1986 Rebounds Rockets Hakeem Olajuwon
91%
1986 Blocks Rockets Hakeem Olajuwon
91%
1986 Steals Rockets Hakeem Olajuwon
91%
1990 Points Pistons Isiah Thomas
91%
1990 Assists Pistons Isiah Thomas
91%
1990 Steals Pistons Isiah Thomas
91%
1989 Assists Pistons Isiah Thomas
91%
1989 Blocks Pistons Isiah Thomas
91%
1989 Steals Pistons Isiah Thomas
91%
1988 Assists Pistons Isiah Thomas
91%
1988 Steals Pistons Isiah Thomas
91%
2011 Assists Mavericks Jason Kidd
91%
2003 Points Nets Jason Kidd
91%
2003 Assists Nets Jason Kidd
91%
2002 Rebounds Nets Jason Kidd
91%
2002 Assists Nets Jason Kidd
91%
2002 Steals Nets Jason Kidd
91%
2018 Points Warriors Kevin Durant
91%
2018 Rebounds Warriors Kevin Durant
91%
2018 Blocks Warriors Kevin Durant
91%
2017 Points Warriors Kevin Durant
91%
2017 Blocks Warriors Kevin Durant
91%
2012 Points Thunder Kevin Durant
91%
2012 Steals Thunder Kevin Durant
91%
1993 Assists Suns Kevin Johnson
91%
1993 Steals Suns Kevin Johnson
91%
1998 Points Bulls Michael Jordan
91%
1998 Steals Bulls Michael Jordan
91%
1997 Points Bulls Michael Jordan
91%
1997 Assists Bulls Michael Jordan
91%
1996 Points Bulls Michael Jordan
91%
1993 Points Bulls Michael Jordan
91%
1992 Points Bulls Michael Jordan
91%
1992 Steals Bulls Michael Jordan
91%
1991 Points Bulls Michael Jordan
91%
1991 Assists Bulls Michael Jordan
91%
1991 Blocks Bulls Michael Jordan
91%
1991 Steals Bulls Michael Jordan
91%
1998 Rebounds Bulls Scottie Pippen
91%
1998 Assists Bulls Scottie Pippen
91%
1998 Blocks Bulls Scottie Pippen
91%
1997 Rebounds Bulls Scottie Pippen
91%
1997 Blocks Bulls Scottie Pippen
91%
1997 Steals Bulls Scottie Pippen
91%
1996 Assists Bulls Scottie Pippen
91%
1996 Steals Bulls Scottie Pippen
91%
1993 Assists Bulls Scottie Pippen
91%
1993 Steals Bulls Scottie Pippen
91%
1992 Rebounds Bulls Scottie Pippen
91%
1992 Assists Bulls Scottie Pippen
91%
1991 Rebounds Bulls Scottie Pippen
91%
2020 Blocks Lakers Anthony Davis
88%
2020 Steals Lakers Anthony Davis
88%
2023 Points Heat Bam Adebayo
88%
2023 Rebounds Heat Bam Adebayo
88%
2023 Blocks Heat Bam Adebayo
88%
1990 Rebounds Trail Blazers Buck Williams
88%
2013 Blocks Heat Chris Bosh
88%
2012 Blocks Heat Chris Bosh
88%
2011 Rebounds Heat Chris Bosh
88%
2021 Assist Suns Chris Paul
88%
2000 Rebounds Pacers Dale Davis
88%
2006 Assists Heat Jason Williams
88%
1988 Blocks Lakers Kareem Abdul-Jabbar
88%
1987 Blocks Lakers Kareem Abdul-Jabbar
88%
1985 Points Lakers Kareem Abdul-Jabbar
88%
1985 Rebounds Lakers Kareem Abdul-Jabbar
88%
1985 Blocks Lakers Kareem Abdul-Jabbar
88%
1984 Points Lakers Kareem Abdul-Jabbar
88%
1984 Rebounds Lakers Kareem Abdul-Jabbar
88%
1984 Blocks Lakers Kareem Abdul-Jabbar
88%
1983 Points Lakers Kareem Abdul-Jabbar
88%
1983 Blocks Lakers Kareem Abdul-Jabbar
88%
1982 Blocks Lakers Kareem Abdul-Jabbar
88%
1980 Points Lakers Kareem Abdul-Jabbar
88%
1980 Rebounds Lakers Kareem Abdul-Jabbar
88%
1980 Blocks Lakers Kareem Abdul-Jabbar
88%
2019 Points Raptors Kawhi Leonard
88%
2019 Rebounds Raptors Kawhi Leonard
88%
2019 Steals Raptors Kawhi Leonard
88%
2014 Blocks Spurs Kawhi Leonard
88%
2013 Steals Spurs Kawhi Leonard
88%
1987 Points Celtics Larry Bird
88%
1987 Rebounds Celtics Larry Bird
88%
1987 Blocks Celtics Larry Bird
88%
1987 Steals Celtics Larry Bird
88%
1986 Rebounds Celtics Larry Bird
88%
1986 Assists Celtics Larry Bird
88%
1986 Blocks Celtics Larry Bird
88%
1986 Steals Celtics Larry Bird
88%
1984 Points Celtics Larry Bird
88%
1984 Rebounds Celtics Larry Bird
88%
1984 Steals Celtics Larry Bird
88%
1981 Rebounds Celtics Larry Bird
88%
1981 Assists Celtics Larry Bird
88%
1981 Steals Celtics Larry Bird
88%
2005 Assists Spurs Manu Ginobili
88%
2005 Steals Spurs Manu Ginobili
88%
2003 Steals Spurs Manu Ginobili
88%
2025 Blocks Pacers Myles Turner
88%
2010 Points Celtics Paul Pierce
88%
2008 Points Celtics Paul Pierce
88%
2022 Blocks Celtics Robert Williams
88%
2012 Assists Thunder Russell Westbrook
88%
2014 Rebounds Spurs Tim Duncan
88%
2013 Points Spurs Tim Duncan
88%
2013 Rebounds Spurs Tim Duncan
88%
2007 Rebounds Spurs Tim Duncan
88%
2007 Assists Spurs Tim Duncan
88%
2007 Blocks Spurs Tim Duncan
88%
2007 Steals Spurs Tim Duncan
88%
2005 Points Spurs Tim Duncan
88%
2005 Rebounds Spurs Tim Duncan
88%
2005 Blocks Spurs Tim Duncan
88%
2003 Points Spurs Tim Duncan
88%
2003 Rebounds Spurs Tim Duncan
88%
2003 Assists Spurs Tim Duncan
88%
2003 Blocks Spurs Tim Duncan
88%
1999 Points Spurs Tim Duncan
88%
1999 Rebounds Spurs Tim Duncan
88%
2014 Points Spurs Tony Parker
88%
2013 Assists Spurs Tony Parker
88%
2007 Points Spurs Tony Parker
88%
2022 Rebounds Celtics Al Horford
84%
2001 Points 76ers Allen Iverson
84%
1995 Assists Rockets Clyde Drexler
84%
1992 Points Trail Blazers Clyde Drexler
84%
1992 Assists Trail Blazers Clyde Drexler
84%
1992 Blocks Trail Blazers Clyde Drexler
84%
1990 Points Trail Blazers Clyde Drexler
84%
1996 Rebounds Bulls Dennis Rodman
84%
1989 Rebounds Pistons Dennis Rodman
84%
2021 Points Suns Devin Booker
84%
2009 Rebounds Magic Dwight Howard
84%
2009 Blocks Magic Dwight Howard
84%
2009 Steals Magic Dwight Howard
84%
1998 Assists Jazz John Stockton
84%
1998 Steals Jazz John Stockton
84%
1997 Assists Jazz John Stockton
84%
1997 Steals Jazz John Stockton
84%
1998 Points Jazz Karl Malone
84%
1998 Rebounds Jazz Karl Malone
84%
1998 Blocks Jazz Karl Malone
84%
1997 Points Jazz Karl Malone
84%
1997 Rebounds Jazz Karl Malone
84%
2010 Blocks Celtics Kevin Garnett
84%
2008 Rebounds Celtics Kevin Garnett
84%
2008 Blocks Celtics Kevin Garnett
84%
2008 Steals Celtics Kevin Garnett
84%
1983 Points 76ers Moses Malone
84%
1983 Rebounds 76ers Moses Malone
84%
1981 Points Rockets Moses Malone
84%
1981 Rebounds Rockets Moses Malone
84%
1981 Blocks Rockets Moses Malone
84%
2010 Rebounds Lakers Pau Gasol
84%
2010 Blocks Lakers Pau Gasol
84%
2009 Rebounds Lakers Pau Gasol
84%
2009 Blocks Lakers Pau Gasol
84%
2008 Rebounds Lakers Pau Gasol
84%
2010 Rebounds Celtics Rajon Rondo
84%
2010 Assists Celtics Rajon Rondo
84%
2010 Steals Celtics Rajon Rondo
84%
2008 Assists Celtics Rajon Rondo
84%
2005 Rebounds Pistons Ben Wallace
81%
2005 Blocks Pistons Ben Wallace
81%
2004 Rebounds Pistons Ben Wallace
81%
2004 Steals Pistons Ben Wallace
81%
2005 Points Pistons Chauncey Billups
81%
2005 Assists Pistons Chauncey Billups
81%
2004 Assists Pistons Chauncey Billups
81%
1999 Blocks Spurs David Robinson
81%
2011 Points Heat Dwyane Wade
81%
2011 Blocks Heat Dwyane Wade
81%
2006 Points Heat Dwyane Wade
81%
2006 Steals Heat Dwyane Wade
81%
1983 Steals 76ers Julius Erving
81%
1982 Rebounds 76ers Julius Erving
81%
1980 Points 76ers Julius Erving
81%
1980 Blocks 76ers Julius Erving
81%
2005 Steals Pistons Rasheed Wallace
81%
2004 Blocks Pistons Rasheed Wallace
81%
2025 Steals Thunder Alex Caruso
78%
1989 Points Lakers James Worthy
78%
1989 Blocks Lakers James Worthy
78%
1988 Points Lakers James Worthy
78%
2018 Rebounds Cavaliers Kevin Love
78%
2017 Blocks Cavaliers Kevin Love
78%
2017 Steals Cavaliers Kevin Love
78%
1986 Points Celtics Kevin McHale
78%
1985 Points Celtics Kevin McHale
78%
1985 Rebounds Celtics Kevin McHale
78%
1985 Blocks Celtics Kevin McHale
78%
1994 Points Knicks Patrick Ewing
78%
1994 Rebounds Knicks Patrick Ewing
78%
1994 Blocks Knicks Patrick Ewing
78%
2000 Points Pacers Reggie Miller
78%
2000 Steals Pacers Reggie Miller
78%
1995 Assists Magic Anfernee Hardaway
75%
2024 Blocks Celtics Derrick White
75%
1996 Assists SuperSonics Gary Payton
75%
1996 Steals SuperSonics Gary Payton
75%
2023 Steals Heat Kyle Lowry
75%
2019 Assists Raptors Kyle Lowry
75%
1996 Points SuperSonics Shawn Kemp
75%
1996 Rebounds SuperSonics Shawn Kemp
75%
1996 Blocks SuperSonics Shawn Kemp
75%
2019 Steals Warriors Andre Iguodala
72%
1990 Rebounds Pistons Bill Laimbeer
72%
1988 Rebounds Pistons Bill Laimbeer
72%
2021 Rebounds Suns DeAndre Ayton
72%
2021 Blocks Suns DeAndre Ayton
72%
2001 Rebounds 76ers Dikembe Mutombo
72%
2001 Blocks 76ers Dikembe Mutombo
72%
1989 Points Pistons Joe Dumars
72%
2021 Assists Bucks Jrue Holiday
69%
2021 Steals Bucks Jrue Holiday
69%
2019 Blocks Raptors Serge Ibaka
69%
2012 Blocks Thunder Serge Ibaka
69%
2022 Rebounds Warriors Andrew Wiggins
66%
2022 Blocks Warriors Andrew Wiggins
66%
2024 Blocks Mavericks Daniel Gafford
66%
2022 Steals Celtics Marcus Smart
66%
2001 Steals Lakers Derek Fisher
63%
1993 Rebounds Bulls Horace Grant
63%
1993 Blocks Bulls Horace Grant
63%
1992 Blocks Bulls Horace Grant
63%
2023 Steals Nuggets Kentavious Caldwell-Pope
63%
1981 Blocks Celtics Robert Parish
63%
1984 Blocks Celtics Robert Parrish
63%
2004 Pionts Pistons Richard Hamilton
59%
2025 Steals Pacers T.J. Mcconnell
59%
2007 Rebounds Cavaliers Zydrunas Ilgauskas
56%
2007 Blocks Cavaliers Zydrunas Ilgauskas
56%
2011 Steals Mavericks Jason Terry
53%
2006 Assists Mavericks Jason Terry
53%
2006 Steals Mavericks Jason Terry
53%
1995 Steals Magic Nick Anderson
50%
2002 Steals Lakers Robert Horry
50%
1995 Blocks Rockets Robert Horry
50%
1995 Steals Rockets Robert Horry
50%
1994 Assists Rockets Robert Horry
50%
1990 Assists Trail Blazers Terry Porter
50%
1990 Blocks Trail Blazers Terry Porter
50%
2012 Rebounds Thunder Kendrick Perkins
47%
1996 Blocks Bulls Luc Longley
47%
2012 Steals Heat Mario Chalmers
47%
2006 Blocks Heat Alonzo Mourning
44%
1982 Blocks 76ers Caldwell Jones
44%
1980 Rebounds 76ers Caldwell Jones
44%
1981 Points Celtics Cedric Maxwell
44%
1983 Assists 76ers Maurice Cheeks
44%
1983 Blocks 76ers Maurice Cheeks
44%
1982 Assists 76ers Maurice Cheeks
44%
1982 Steals 76ers Maurice Cheeks
44%
1980 Steals 76ers Maurice Cheeks
44%
2011 Blocks Mavericks Tyson Chandler
44%
1985 Steals Celtics Danny Ainge
41%
2000 Assists Pacers Mark Jackson
41%
1999 Points Knicks Latrell Sprewell
38%
1989 Assists Lakers Michael Cooper
38%
1989 Steals Lakers Michael Cooper
38%
1990 Steals Trail Blazers Wayne Cooper
38%
1985 Steals Lakers Byron Scott
34%
2021 Steals Suns Jae Crowder
34%
2003 Rebounds Nets Kenyon Martin
34%
2003 Blocks Nets Kenyon Martin
34%
2002 Points Nets Kenyon Martin
34%
2002 Blocks Nets Kenyon Martin
34%
1983 Steals Lakers Jamaal Wilkes
31%
1982 Points Lakers Jamaal Wilkes
31%
1988 Points Pistons Adrian Dantley
28%
2016 Steals Warriors Andrew Bogut
28%
2014 Assists Spurs Boris Diaw
28%
1990 Blocks Pistons John Salley
28%
1988 Blocks Pistons John Salley
28%
2008 Blocks Lakers Lamar Odom
28%
1982 Assists Lakers Norm Nixon
28%
1994 Assists Knicks Derek Harper
25%
1994 Steals Knicks Derek Harper
25%
2009 Assists Magic Rashard Lewis
25%
2000 Blocks Pacers Rick Smits
25%
2000 Assists Lakers Ron Harper
25%
2000 Steals Lakers Ron Harper
25%
1991 Rebounds Lakers Vlade Divac
25%
1991 Blocks Lakers Vlade Divac
25%
1991 Steals Lakers Vlade Divac
25%
1982 Points 76ers Andrew Toney
22%
1994 Rebounds Rockets Otis Thorpe
22%
2009 Steals Lakers Trevor Ariza
22%
2014 Blocks Heat Chris Andersen
19%
1997 Blocks Jazz Greg Ostertag
19%
2009 Points Magic Hedo Turkoglu
19%
1999 Steals Spurs Mario Elie
19%
2015 Blocks Cavaliers Tomfey Mozgov
19%
2015 Steals Cavaliers Iman Shumpert
16%
2007 Steals Cavaliers Daniel Gibson
13%
2006 Blocks Mavericks DeSagana Diop
13%
1992 Rebounds Trail Blazers Jerome Kersey
13%
1992 Steals Trail Blazers Jerome Kersey
13%
1999 Rebounds Knicks Marcus Camby
13%
1999 Blocks Knicks Marcus Camby
13%
2001 Assists 76ers Aaron McKie
9%
1999 Assists Knicks Charlie Ward
9%
1999 Steals Knicks Charlie Ward
9%
2001 Steals 76ers Raja Bell
9%
2003 Steals Nets Kerry Kittles
6%
1986 Assists Rockets Robert Reid
6%
1981 Steals Rockets Robert Reid
6%
1993 Blocks Suns Dan Majerle
3%
1980 Assists 76ers Lionel Hollins
3%
1981 Assists Rockets Tom Henderson
3%
No matching quizzes found
Score Distribution
Percent of People with Each Score
Percentile by Number Answered
Your Score History
You have not taken this quiz since the last reset